000
00223 a2200097 4500
001
8694
100
_a
Crowly,S.
245
_a
Ancient Retetorics for c students
260
_a
_b
Mc Millan College pub
_c
090
_c
7009
_d
7009
942
_a
NUST-CAE
_c
M
_c
33611
999
_c
243767
_d
243767